[Event "SVK-chT2A 1516"]
[Site "Slovakia"]
[Date "2016.03.12"]
[Round "10.4"]
[White "Cambel, Vladimir"]
[Black "Gazi, Mikulas"]
[Result "1-0"]
[WhiteElo "2058"]
[BlackElo "2067"]
[PlyCount "57"]
[EventDate "2015.10.17"]
[EventType "team-tourn"]
[EventRounds "11"]
[EventCountry "SVK"]
[SourceTitle "EXT 2017"]
[Source "ChessBase"]
[SourceDate "2016.10.25"]
[SourceVersion "1"]
[SourceVersionDate "2016.10.25"]
[SourceQuality "1"]
[WhiteTeam "Bratislava Slovan IV"]
[BlackTeam "Pezinok"]
[WhiteTeamCountry "SVK"]
[BlackTeamCountry "SVK"]

1. Nf3 c5 2. c4 Nf6 3. g3 g6 4. Bg2 Bg7 5. 0-0 0-0 6. d4 cxd4 7. Nxd4 Nc6 8. Nc3 e6 9. Ndb5 b6 10. Bf4 e5 11. Bxe5 Ba6 12. Bd6 Re8 13. Nc7 Bxc4 14. Nxa8 Qxa8 15. Re1 a5 16. Rc1 Qa6 17. b3 Be6 18. e4 Ng4 19. h3 Nxf2 20. Kxf2 Bd4+ 21. Kf3 a4 22. Bf1 Qa8 23. Nb5 Ne5+ 24. Kg2 Bb2 25. Nc7 Qd8 26. Nxe8 Qxe8 27. Rc2 a3 28. Rxb2 axb2 29. Bxe5 1-0

[Event "SVK-chT2A 1516"]
[Site "Slovakia"]
[Date "2015.12.05"]
[Round "5.5"]
[White "Mandak, Miroslav"]
[Black "Gazi, Mikulas"]
[Result "1-0"]
[WhiteElo "2016"]
[BlackElo "2067"]
[PlyCount "119"]
[EventDate "2015.10.17"]
[EventType "team-tourn"]
[EventRounds "11"]
[EventCountry "SVK"]
[SourceTitle "CBM 169 Extra"]
[Source "ChessBase"]
[SourceDate "2015.12.18"]
[SourceVersion "1"]
[SourceVersionDate "2015.12.18"]
[SourceQuality "1"]
[WhiteTeam "Krasnany"]
[BlackTeam "Pezinok"]
[WhiteTeamCountry "SVK"]
[BlackTeamCountry "SVK"]

1. e4 c5 2. Nf3 Nc6 3. Bb5 d6 4. c3 Bd7 5. 0-0 Nf6 6. Re1 a6 7. Bf1 Bg4 8. h3 Bh5 9. g4 Bg6 10. d3 e5 11. Bg2 Be7 12. Nh4 Qd7 13. Nxg6 hxg6 14. Nd2 b5 15. a4 0-0 16. Nf3 b4 17. Bg5 Rab8 18. d4 Nh7 19. Bxe7 Qxe7 20. Qd3 a5 21. Qc4 bxc3 22. bxc3 exd4 23. cxd4 Rb4 24. Qa6 Nxd4 25. Nxd4 Rxd4 26. Qxa5 Ng5 27. Re3 Rb8 28. Qe1 Rb2 29. Re2 Rxe2 30. Qxe2 Ne6 31. Qe3 Qf6 32. Ra2 Rd1+ 33. Kh2 Nd4 34. a5 Qe6 35. Ra3 Nc2 36. Qb3 Qe5+ 37. f4 Qxf4+ 38. Qg3 Qc1 39. Rb3 Nb4 40. e5 d5 41. Rc3 Qd2 42. Rxc5 g5 43. a6 Ra1 44. e6 fxe6 45. a7 Kh7 46. Rc7 Qd1 47. h4 Qg1+ 48. Kh3 Rxa7 49. Be4+ dxe4 50. Qxg1 Rxc7 51. Qd4 Nd5 52. Qxe4+ g6 53. hxg5 Rc3+ 54. Kh2 Re3 55. Qc4 Kg7 56. Qd4+ Kf7 57. Qa7+ Ke8 58. Qg7 Nf4 59. Qh8+ Ke7 60. Qf6+ 1-0

[Event "SVK-chT2A 1516"]
[Site "Slovakia"]
[Date "2015.11.07"]
[Round "3.5"]
[White "Macko, Miroslav"]
[Black "Gazi, Mikulas"]
[Result "1-0"]
[WhiteElo "2123"]
[BlackElo "2067"]
[PlyCount "81"]
[EventDate "2015.10.17"]
[EventType "team-tourn"]
[EventRounds "11"]
[EventCountry "SVK"]
[SourceTitle "CBM 169 Extra"]
[Source "ChessBase"]
[SourceDate "2015.12.18"]
[SourceVersion "1"]
[SourceVersionDate "2015.12.18"]
[SourceQuality "1"]
[WhiteTeam "Bratislava KSN"]
[BlackTeam "Pezinok"]
[WhiteTeamCountry "SVK"]
[BlackTeamCountry "SVK"]

1. e4 c5 2. Nf3 Nc6 3. d4 cxd4 4. Nxd4 Nf6 5. Nc3 g6 6. Be3 Bg7 7. Bc4 0-0 8. f3 Qb6 9. 0-0 Qxb2 10. Nce2 Qb4 11. Bb3 Na5 12. c3 Qc5 13. Nf5 Qa3 14. Ned4 gxf5 15. Nb5 Qb2 16. Rb1 Qxb1 17. Qxb1 b6 18. e5 Ne8 19. Bc2 e6 20. g4 Bxe5 21. gxf5 d5 22. f4 Bg7 23. fxe6 fxe6 24. Bxh7+ Kh8 25. Bd3 Bd7 26. Qe1 Nf6 27. Bd4 Nc4 28. Nc7 Rac8 29. Nxe6 Bxe6 30. Qxe6 Rce8 31. Qf5 Nd6 32. Qg6 Nde4 33. Rf3 Re7 34. c4 Nd2 35. Rg3 Nde4 36. Rh3+ Kg8 37. cxd5 Rff7 38. d6 Nxd6 39. Bxf6 Rxf6 40. Rh8+ Kxh8 41. Qh7# 1-0

[Event "SVK-chT2A 1415"]
[Site "Slovakia"]
[Date "2015.03.07"]
[Round "10.5"]
[White "Diviak, Rastislav"]
[Black "Gazi, Mikulas"]
[Result "1/2-1/2"]
[WhiteElo "2001"]
[BlackElo "2098"]
[PlyCount "106"]
[EventDate "2014.10.11"]
[EventType "team-tourn"]
[EventRounds "11"]
[EventCountry "SVK"]
[SourceTitle "EXT 2016"]
[Source "ChessBase"]
[SourceDate "2015.10.08"]
[SourceVersion "1"]
[SourceVersionDate "2015.10.08"]
[SourceQuality "1"]
[WhiteTeam "Osuske II"]
[BlackTeam "Pezinok"]
[WhiteTeamCountry "SVK"]
[BlackTeamCountry "SVK"]

1. e4 c5 2. Nf3 d6 3. d4 cxd4 4. Nxd4 Nf6 5. Nc3 a6 6. Be2 g6 7. Be3 Bg7 8. Qd2 Ng4 9. Bxg4 Bxg4 10. f3 Bd7 11. Bh6 0-0 12. h4 Nc6 13. Bxg7 Kxg7 14. h5 Nxd4 15. Qxd4+ Kg8 16. Qd2 Qa5 17. 0-0-0 Qe5 18. Nd5 Bc6 19. Qh6 g5 20. f4 gxf4 21. Rh4 f5 22. Qg5+ Qg7 23. Nxe7+ Kf7 24. Qxg7+ Kxg7 25. Nxf5+ Kf6 26. Rxf4 Ke5 27. Rg4 Rad8 28. Nd4 Bxe4 29. Rxe4+ Kxe4 30. Ne6 Ke5 31. Re1+ Kd5 32. Nxd8 Rxd8 33. g4 Rd7 34. g5 Rg7 35. Rg1 Ke5 36. g6 hxg6 37. hxg6 Kf6 38. Kd2 Rxg6 39. Rxg6+ Kxg6 40. Kd3 Kf6 41. Kd4 Ke6 42. c4 b6 43. b4 Kd7 44. Kd5 Kc7 45. a4 b5 46. cxb5 axb5 47. a5 Kd7 48. a6 Kc7 49. a7 Kb7 50. Kxd6 Kxa7 51. Kc5 Ka6 52. Kc6 Ka7 53. Kxb5 Kb7 1/2-1/2

[Event "SVK-chT2A 1415"]
[Site "Slovakia"]
[Date "2014.12.07"]
[Round "6.5"]
[White "Gazi, Mikulas"]
[Black "Jurcak, Marian"]
[Result "1-0"]
[WhiteElo "2098"]
[BlackElo "1856"]
[PlyCount "73"]
[EventDate "2014.10.11"]
[EventType "team-tourn"]
[EventRounds "11"]
[EventCountry "SVK"]
[SourceTitle "EXT 2016"]
[Source "ChessBase"]
[SourceDate "2015.10.08"]
[SourceVersion "1"]
[SourceVersionDate "2015.10.08"]
[SourceQuality "1"]
[WhiteTeam "Pezinok"]
[BlackTeam "Devinska Nova Ves II"]
[WhiteTeamCountry "SVK"]
[BlackTeamCountry "SVK"]

1. e4 c5 2. Nf3 d6 3. d4 cxd4 4. Nxd4 Nf6 5. Nc3 a6 6. Bd3 Nc6 7. Nde2 b5 8. 0-0 Ne5 9. Kh1 g6 10. Bg5 e6 11. f4 Nxd3 12. Qxd3 h6 13. Bh4 Be7 14. Rad1 b4 15. Na4 Bd7 16. b3 Bb5 17. Qf3 Rc8 18. Rd2 Bxa4 19. bxa4 Qa5 20. e5 dxe5 21. fxe5 Qxe5 22. Bxf6 Bxf6 23. Qxf6 Qxf6 24. Rxf6 Ke7 25. Rf4 a5 26. Kg1 e5 27. Rf3 f5 28. a3 e4 29. Rb3 bxa3 30. Rxa3 Rc4 31. Nf4 Kf6 32. g3 Kg5 33. Rb3 Rxa4 34. Rb6 Kg4 35. Kg2 Rg8 36. Rdd6 Rc4 37. Rxg6+ 1-0

[Event "SVK-chT2A 1314"]
[Site "Slovakia"]
[Date "2014.01.11"]
[Round "5.3"]
[White "Matejovic, Juraj"]
[Black "Gazi, Mikulas"]
[Result "1/2-1/2"]
[WhiteElo "2186"]
[BlackElo "2108"]
[PlyCount "80"]
[EventDate "2013.10.19"]
[EventType "team-tourn"]
[EventRounds "11"]
[EventCountry "SVK"]
[SourceTitle "EXT 2015"]
[Source "ChessBase"]
[SourceDate "2014.11.20"]
[SourceVersion "1"]
[SourceVersionDate "2014.11.20"]
[SourceQuality "1"]
[WhiteTeam "Modra II"]
[BlackTeam "Pezinok"]
[WhiteTeamCountry "SVK"]
[BlackTeamCountry "SVK"]

1. e4 c5 2. Nf3 d6 3. d4 cxd4 4. Nxd4 Nf6 5. Nc3 g6 6. Be3 Bg7 7. f3 Nc6 8. Qd2 0-0 9. 0-0-0 d5 10. exd5 Nxd5 11. Nxc6 bxc6 12. Bd4 Nxc3 13. Qxc3 Bh6+ 14. Be3 Bxe3+ 15. Qxe3 Qa5 16. Bc4 Ba6 17. Bxa6 Qxa6 18. Kb1 e6 19. Rd3 Rfd8 20. Rhd1 Rd5 21. b3 Rb8 22. Kb2 Qb6 23. Qxb6 axb6 24. c4 Re5 25. Rd8+ Rxd8 26. Rxd8+ Kg7 27. Kc2 Kf6 28. Kd2 h5 29. Rc8 Rc5 30. a4 Rg5 31. g3 b5 32. axb5 cxb5 33. cxb5 Rxb5 34. Kc3 Ra5 35. Kb2 Re5 36. b4 Re2+ 37. Rc2 Re3 38. Rc3 Re2+ 39. Rc2 Re3 40. Rc3 Re2+ 1/2-1/2

[Event "SVK-chT2A 1314"]
[Site "Slovakia"]
[Date "2013.10.20"]
[Round "2.3"]
[White "Gazi, Mikulas"]
[Black "Darazs, Zoltan"]
[Result "0-1"]
[WhiteElo "2108"]
[BlackElo "2108"]
[PlyCount "104"]
[EventDate "2013.10.19"]
[EventType "team-tourn"]
[EventRounds "11"]
[EventCountry "SVK"]
[SourceTitle "EXT 2015"]
[Source "ChessBase"]
[SourceDate "2014.11.20"]
[SourceVersion "1"]
[SourceVersionDate "2014.11.20"]
[SourceQuality "1"]
[WhiteTeam "Pezinok"]
[BlackTeam "Potonska Veza"]
[WhiteTeamCountry "SVK"]
[BlackTeamCountry "SVK"]

1. Nf3 Nf6 2. c4 g6 3. d4 Bg7 4. Nc3 d5 5. cxd5 Nxd5 6. e4 Nxc3 7. bxc3 c5 8. Be3 Qa5 9. Qd2 Nc6 10. Rb1 cxd4 11. cxd4 Qxd2+ 12. Kxd2 0-0 13. d5 Rd8 14. Bd3 Ne5 15. Nxe5 Bxe5 16. Rhc1 e6 17. f4 exd5 18. exd5 Bg7 19. Be4 Be6 20. Ke2 Bxd5 21. Bxd5 Rxd5 22. Rxb7 Re8 23. Rcc7 Bd4 24. Re7 Rxe7 25. Rxe7 Bxe3 26. Rxe3 Ra5 27. a3 Kg7 28. Kd2 Kf6 29. Kc2 Kf5 30. g3 h5 31. Kb3 Rb5+ 32. Kc3 f6 33. a4 Rc5+ 34. Kb3 h4 35. Kb4 Rc2 36. h3 hxg3 37. Rxg3 Rf2 38. Kb5 Rxf4 39. a5 Re4 40. Ka6 Re7 41. Rf3+ Kg5 42. Rg3+ Kh5 43. Rg4 f5 44. Rf4 Kg5 45. Rf2 f4 46. Rf3 Rf7 47. Kb5 Kf5 48. Rf1 Ke4 49. Re1+ Kd3 50. Rg1 f3 51. Rxg6 f2 52. Rd6+ Kc2 0-1

[Event "SVK-chT1W 1213"]
[Site "Slovakia"]
[Date "2013.03.23"]
[Round "10.7"]
[White "Gazi, Mikulas"]
[Black "Voros, Gellert"]
[Result "1-0"]
[WhiteElo "2103"]
[BlackElo "2042"]
[PlyCount "93"]
[EventDate "2012.10.20"]
[EventType "team-tourn"]
[EventRounds "11"]
[EventCountry "SVK"]
[SourceTitle "EXT 2015"]
[Source "ChessBase"]
[SourceDate "2014.11.20"]
[SourceVersion "1"]
[SourceVersionDate "2014.11.20"]
[SourceQuality "1"]
[WhiteTeam "Pezinok"]
[BlackTeam "Komarno"]
[WhiteTeamCountry "SVK"]
[BlackTeamCountry "SVK"]

1. e4 e5 2. Nf3 Nc6 3. Bb5 a6 4. Ba4 Nf6 5. d4 Nxe4 6. dxe5 Nc5 7. c4 Nxa4 8. Qxa4 Bb4+ 9. Nc3 Bxc3+ 10. bxc3 0-0 11. 0-0 h6 12. Re1 b6 13. Rb1 Bb7 14. c5 b5 15. Qg4 f5 16. Qh3 Na5 17. Nd4 Be4 18. Rb2 Qe7 19. f3 Bb7 20. Rbe2 Qxc5 21. Bxh6 gxh6 22. Qxh6 Qe7 23. Nxf5 Qh7 24. Qg5+ Kh8 25. Ne7 Rg8 26. Qf6+ Rg7 27. Re4 Bxe4 28. Rxe4 Re8 29. Nf5 Kg8 30. Nxg7 Rf8 31. Qe7 Rf7 32. Qe8+ Rf8 33. Qxd7 Nc4 34. Rg4 Qb1+ 35. Kf2 Qc2+ 36. Kg3 Ne3 37. Qe6+ Rf7 38. Nf5+ Nxg4 39. fxg4 Qd3+ 40. Kh4 Qd2 41. Nh6+ Qxh6+ 42. Qxh6 Rh7 43. g5 c5 44. Kg4 Rxh6 45. gxh6 b4 46. cxb4 c4 47. Kf3 1-0

[Event "SVK-chT1W 1213"]
[Site "Slovakia"]
[Date "2013.01.12"]
[Round "5.3"]
[White "Gazi, Mikulas"]
[Black "Hajek, Lukas1111"]
[Result "0-1"]
[WhiteElo "2103"]
[BlackElo "2155"]
[PlyCount "48"]
[EventDate "2012.10.20"]
[EventType "team-tourn"]
[EventRounds "11"]
[EventCountry "SVK"]
[SourceTitle "EXT 2015"]
[Source "ChessBase"]
[SourceDate "2014.11.20"]
[SourceVersion "1"]
[SourceVersionDate "2014.11.20"]
[SourceQuality "1"]
[WhiteTeam "Pezinok"]
[BlackTeam "Bratislava Doprastav II"]
[WhiteTeamCountry "SVK"]
[BlackTeamCountry "SVK"]

1. e4 e6 2. d4 d5 3. Nd2 Nf6 4. e5 Nfd7 5. Bd3 c5 6. c3 Nc6 7. Ne2 cxd4 8. cxd4 f6 9. Nf4 Nxd4 10. Qh5+ Ke7 11. Ng6+ hxg6 12. exf6+ Kxf6 13. Qxh8 Kf7 14. f4 Nc5 15. Qh3 e5 16. Qe3 Nxd3+ 17. Qxd3 Bf5 18. Qg3 Nc2+ 19. Ke2 exf4 20. Qxf4 Bd6 21. Qa4 Qe7+ 22. Kd1 Nxa1 23. Rf1 Re8 24. Qg4 Kg8 0-1

[Event "SVK-chT2A 10/11"]
[Site "Slovakia"]
[Date "2011.03.26"]
[Round "10.4"]
[White "Gazi, Mikulas"]
[Black "Lauf, Pavol"]
[Result "1-0"]
[WhiteElo "2138"]
[BlackElo "2143"]
[PlyCount "127"]
[EventDate "2010.10.23"]
[EventType "team-tourn"]
[EventRounds "11"]
[EventCountry "SVK"]
[SourceTitle "EXT 2019"]
[Source "ChessBase"]
[SourceDate "2018.10.10"]
[SourceVersion "1"]
[SourceVersionDate "2018.10.10"]
[SourceQuality "1"]
[WhiteTeam "Pezinok KS"]
[BlackTeam "Bratislava Slavia STU"]
[WhiteTeamCountry "SVK"]
[BlackTeamCountry "SVK"]

1. e4 g6 2. d4 Bg7 3. Be3 d6 4. Nc3 Nd7 5. f4 c5 6. Qd2 Qa5 7. Nf3 Ngf6 8. h3 0-0 9. Bd3 a6 10. 0-0 cxd4 11. Bxd4 e5 12. Be3 exf4 13. Bxf4 d5 14. Nxd5 Qxd2 15. Ne7+ Kh8 16. Bxd2 Re8 17. Nxc8 Raxc8 18. Rae1 h6 19. g4 Nh7 20. c3 Kg8 21. Re2 Nhf8 22. Be3 Ne6 23. Bc2 Re7 24. Kg2 Rce8 25. Rd2 Nec5 26. Rd5 b6 27. Nd2 Nf6 28. Rd6 Re6 29. Bxc5 bxc5 30. e5 Rxd6 31. exd6 Re2+ 32. Rf2 Rxf2+ 33. Kxf2 Nd7 34. Ke3 Bf6 35. Ne4 Be5 36. Ba4 Nb6 37. d7 Bc7 38. Nxc5 Kf8 39. Bb3 g5 40. Nxa6 Bf4+ 41. Kd3 Nxd7 42. Ke4 Bc1 43. Ba4 Nf6+ 44. Ke5 Ke7 45. b4 Bb2 46. Kd4 h5 47. Bd1 h4 48. Nc5 Bc1 49. Nd3 Bd2 50. a4 Kd6 51. c4 Ne8 52. c5+ Kc7 53. b5 Ng7 54. b6+ Kd7 55. Ne5+ Kc8 56. Nxf7 Ne6+ 57. Kd5 Nf4+ 58. Kc6 Nd3 59. Be2 Nb4+ 60. Kb5 Nc2 61. Nd6+ Kb8 62. c6 Nd4+ 63. Kc5 Ne6+ 64. Kd5 1-0

[Event "SVK-chT1W 0506"]
[Site "Slovakia"]
[Date "2005.??.??"]
[Round "?"]
[White "Gazi, Mikulas"]
[Black "Farkas, Gabor"]
[Result "1-0"]
[WhiteElo "2150"]
[BlackElo "2135"]
[PlyCount "135"]
[EventDate "2005.10.15"]
[EventType "team-tourn"]
[EventRounds "11"]
[EventCountry "SVK"]
[SourceTitle "EXT 2008"]
[Source "ChessBase"]
[SourceDate "2007.11.25"]
[SourceVersion "1"]
[SourceVersionDate "2007.11.25"]
[SourceQuality "1"]

1. e4 c5 2. Nf3 Nc6 3. d4 cxd4 4. Nxd4 Nf6 5. Nc3 e5 6. Ndb5 d6 7. a4 a6 8. Na3 Be6 9. Bg5 Be7 10. Bc4 Qc7 11. 0-0 0-0 12. Bxf6 Bxf6 13. Nd5 Bxd5 14. Bxd5 Rab8 15. Nc4 Nb4 16. Ne3 Bg5 17. c3 Bxe3 18. cxb4 Bd4 19. Rc1 Qe7 20. b3 Kh8 21. Qg4 g6 22. Rc2 f5 23. Qh3 fxe4 24. Bxe4 Qf7 25. Qf3 Qd7 26. Qh3 Qxh3 27. gxh3 Rf4 28. Bd5 Bb6 29. a5 Ba7 30. Rfc1 Rbf8 31. Bxb7 Bxf2+ 32. Kh1 Rxb4 33. Bxa6 Rxb3 34. Rf1 Ra3 35. Rfxf2 Rxf2 36. Rxf2 Rxa5 37. Bc8 e4 38. Kg2 Re5 39. Kf1 Kg7 40. Ke2 Rc5 41. Be6 Rc2+ 42. Ke3 Rxf2 43. Kxf2 Kf6 44. Bg8 h6 45. Ke3 Ke5 46. Bh7 d5 47. Bxg6 d4+ 48. Ke2 Kf4 49. h4 Ke5 50. Kf2 Kf4 51. Ke2 Kg4 52. Bxe4 Kxh4 53. Bg2 Kg5 54. Kd3 h5 55. Kxd4 h4 56. Ke5 h3 57. Be4 Kh6 58. Kf6 Kh5 59. Kg7 Kg5 60. Bc6 Kg4 61. Bd7+ Kh4 62. Be6 Kh5 63. Bxh3 Kh4 64. Bd7 Kg5 65. h3 Kh5 66. Be6 Kg5 67. Bg4 Kf4 68. Kg6 1-0

[Event "SVK-chT1W 0506"]
[Site "Slovakia"]
[Date "2005.??.??"]
[Round "?"]
[White "Strachan, Jan"]
[Black "Gazi, Mikulas"]
[Result "1-0"]
[WhiteElo "2225"]
[BlackElo "2150"]
[PlyCount "80"]
[EventDate "2005.10.15"]
[EventType "team-tourn"]
[EventRounds "11"]
[EventCountry "SVK"]
[SourceTitle "EXT 2008"]
[Source "ChessBase"]
[SourceDate "2007.11.25"]
[SourceVersion "1"]
[SourceVersionDate "2007.11.25"]
[SourceQuality "1"]

1. e4 c5 2. Nf3 d6 3. Bb5+ Nc6 4. Bxc6+ bxc6 5. 0-0 g6 6. d3 Bg7 7. Nc3 Nf6 8. e5 dxe5 9. Nxe5 0-0 10. Qf3 Bb7 11. Nc4 Nd7 12. Na4 Qc7 13. Bf4 e5 14. Be3 Ba6 15. Bxc5 Nxc5 16. Nxc5 Bxc4 17. dxc4 Qe7 18. Qe3 f5 19. f3 Rab8 20. Rad1 Rfd8 21. b3 f4 22. Qf2 Rxd1 23. Rxd1 Rd8 24. Rxd8+ Qxd8 25. Ne4 Qd1+ 26. Qf1 Qxc2 27. h3 Qxa2 28. Qd1 Qa5 29. Qd7 c5 30. Kh2 h6 31. Qb7 Qb6 32. Qd5+ Kh7 33. Nxc5 g5 34. Ne4 Qxb3 35. Qf7 Kh8 36. Nd6 Qa3 37. Qd5 Qe3 38. Ne4 Qd4 39. Qa8+ Kh7 40. c5 Qa4 1-0

[Event "SVK-chT1E 9899"]
[Site "Slovakia"]
[Date "1999.??.??"]
[Round "10"]
[White "Gazi, Mikulas"]
[Black "Zagrapan, Pavol"]
[Result "0-1"]
[WhiteElo "2161"]
[BlackElo "2100"]
[PlyCount "42"]
[EventDate "1998.??.??"]
[EventType "team"]
[EventRounds "11"]
[EventCountry "SVK"]
[SourceTitle "EXT 2000"]
[Source "ChessBase"]
[SourceDate "1999.11.16"]
[SourceVersion "1"]
[SourceVersionDate "1999.11.16"]
[SourceQuality "1"]

1. e4 d5 2. exd5 Nf6 3. d4 Nxd5 4. c4 Nb4 5. a3 N4c6 6. d5 Ne5 7. Nf3 Nxf3+ 8. Qxf3 e5 9. dxe6 Bxe6 10. Qxb7 Nd7 11. Be2 Bd6 12. 0-0 0-0 13. Nd2 Re8 14. Qf3 Ne5 15. Qh5 g6 16. Qh6 Bf8 17. Qf4 Nd3 18. Bxd3 Qxd3 19. Ne4 Bg7 20. Nf6+ Bxf6 21. Qxf6 Qxf1+ 0-1